| 000 | 00895nam a22002897a 4500 | ||
|---|---|---|---|
| 003 | CHAP | ||
| 005 | 20220329135800.0 | ||
| 008 | 971013s1970 r 00010 d | ||
| 010 | _a42037 | ||
| 011 | _a43009 | ||
| 035 | _a47139 | ||
| 040 | _cCHAP | ||
| 090 | _aFolleto 2145 | ||
| 110 |
_aE.U.A. Department of Agriculture _934876 |
||
| 245 | _aControl del mosquito en granjas de riego | ||
| 260 |
_aMéxico, D. F. : _bCentro Regional de Ayuda Técnica, _c1970 |
||
| 300 |
_a34 p. _b: ilus. |
||
| 490 |
_aAgriculture handbook _v; 319 |
||
| 590 |
_aBATCH-UPD _b10 _c20130110 _lUCH01 _h2216 |
||
| 590 |
_aCONVERSION _b10 _c20130109 _lUCH01 _h1323 |
||
| 650 | 1 | 4 |
_aMosquitos. _979027 |
| 830 | 0 |
_aAgriculture handbook _v; 319 _92127 |
|
| 901 | _aBK | ||
| 942 | _cFOLL | ||
| 949 |
_aFolleto 2145 _bBC _cFOLL _d-107207 _eTS1 _i47139 _si |
||
| 949 |
_aFolleto 2145 _bBC _cFOLL _d-107208 _eTS2 _fc.2 _i47139 _si |
||
| 999 |
_c42037 _d42037 |
||